[Event "Lichtenrader Herbst 2012"]
[Site "Berlin - Lichtenrade"]
[Date "2012.10.06"]
[Round "8.9"]
[White "Schnoor, Ekkehard"]
[Black "Colpe, Malte"]
[Result "1-0"]
[WhiteElo "2021"]
[BlackElo "2349"]
[PlyCount "59"]
[EventDate "2012.??.??"]
[WhiteTeam "SG Grün-Weiß Dresden"]
[BlackTeam "Hamburger SK von 1830 eV"]

1. e4 c5 2. Nf3 d6 3. d4 cxd4 4. Nxd4 Nf6 5. Nc3 a6 6. g3 e5 7. Nb3 Nbd7 8. a4
b6 9. Bg2 Bb7 10. O-O Be7 11. Re1 O-O 12. Nd2 Rc8 13. Nf1 Re8 14. Ne3 g6 15.
Ncd5 Nxd5 16. Nxd5 Bxd5 17. Qxd5 Rxc2 18. Qb3 Qc7 19. Bf1 Ra8 20. Be3 Rc6 21.
Rec1 Rxc1 22. Rxc1 Qd8 23. Bc4 Qe8 24. Bd5 Rb8 25. Rc7 Nc5 26. Qa2 Qd8 27.
Bxf7+ Kg7 28. Ra7 Nxe4 29. Qe6 Kf8 30. Bh6# 1-0

[Event "Lichtenrader Herbst 2012"]
[Site "Berlin - Lichtenrade"]
[Date "2012.10.06"]
[Round "8.10"]
[White "Moeller, Hendrik"]
[Black "Gebigke, Martin"]
[Result "1-0"]
[WhiteElo "2259"]
[BlackElo "2137"]
[PlyCount "67"]
[EventDate "2012.??.??"]
[WhiteTeam "SC Weisse Dame e.V."]
[BlackTeam "SV Berolina Mitte e.V."]

1. c4 e5 2. g3 Nf6 3. Bg2 c6 4. d4 e4 5. Nc3 d5 6. Bg5 Nbd7 7. cxd5 cxd5 8. f3
exf3 9. Nxf3 Be7 10. O-O O-O 11. Nh4 g6 12. Bh6 Re8 13. Nxd5 Nxd5 14. Bxd5 Nf6
15. Bb3 Be6 16. Bxe6 fxe6 17. Bg5 Ng4 18. Bxe7 Rxe7 19. Qd3 Qb6 20. Rf4 Ne5 21.
Qe4 Nf7 22. Nxg6 hxg6 23. Qxg6+ Kf8 24. Raf1 Ke8 25. Rxf7 Qxd4+ 26. Kg2 Kd7 27.
R1f3 Qd5 28. Rxe7+ Kxe7 29. Qh7+ Kd6 30. Kh3 Qe5 31. Rd3+ Kc5 32. Qe7+ Kc4 33.
Rc3+ Kb5 34. Qxb7+ 1-0

[Event "Lichtenrader Herbst 2012"]
[Site "Berlin - Lichtenrade"]
[Date "2012.10.06"]
[Round "8.11"]
[White "Gaerths, Ronny"]
[Black "Bandow, Alexander"]
[Result "1-0"]
[WhiteElo "2251"]
[BlackElo "2044"]
[PlyCount "71"]
[EventDate "2012.??.??"]
[WhiteTeam "SC Kreuzberg e.V."]
[BlackTeam "Schwarz-Weiß Neukölln e.V."]

1. c4 e5 2. Nc3 Nf6 3. Nf3 Nc6 4. g3 d5 5. cxd5 Nxd5 6. Bg2 Nxc3 7. bxc3 Bc5 8.
O-O O-O 9. d3 Re8 10. Ng5 Be7 11. Ne4 Be6 12. Rb1 Rb8 13. Qa4 f5 14. Nd2 Bd5
15. Bxd5+ Qxd5 16. Qc4 Qxc4 17. Nxc4 b6 18. a4 h6 19. h3 Kh7 20. Bd2 Bf6 21. g4
g6 22. Kg2 Rbd8 23. a5 Rd7 24. Be3 f4 25. Bd2 e4 26. d4 g5 27. Rb5 Bxd4 28.
cxd4 Rxd4 29. Rc1 a6 30. Rf5 b5 31. Rf7+ Kg8 32. Rxc7 bxc4 33. Bc3 Rd6 34. Rb1
Rde6 35. Rb6 Ne5 36. Rbb7 1-0

[Event "Lichtenrader Herbst 2012"]
[Site "Berlin - Lichtenrade"]
[Date "2012.10.06"]
[Round "8.12"]
[White "Lerch, Philipp"]
[Black "Muench, Tobias"]
[Result "1-0"]
[WhiteElo "2110"]
[BlackElo "1875"]
[PlyCount "37"]
[EventDate "2012.??.??"]
[WhiteTeam "SK König Tegel 1949 e.V."]
[BlackTeam "Treptower SV 1949 e.V."]

1. e4 e6 2. d3 d5 3. Qe2 Nf6 4. Nf3 b6 5. e5 Nfd7 6. g3 c5 7. Bg2 Nc6 8. O-O
Be7 9. c4 dxc4 10. dxc4 Qc7 11. b3 Bb7 12. Bb2 g5 13. Nc3 a6 14. Nd5 exd5 15.
cxd5 Ncxe5 16. Nxe5 O-O 17. Ng4 Qd6 18. Qxe7 Qxe7 19. Nh6# 1-0

[Event "Lichtenrader Herbst 2012"]
[Site "Berlin - Lichtenrade"]
[Date "2012.10.06"]
[Round "8.13"]
[White "Schnabel, Ralf"]
[Black "Heerde, Thomas"]
[Result "1-0"]
[WhiteElo "2235"]
[BlackElo "2023"]
[PlyCount "63"]
[EventDate "2012.??.??"]
[WhiteTeam "ESV Nickelhütte Aue"]
[BlackTeam "SC Weisse Dame e.V."]

1. e4 d6 2. d4 Nf6 3. Nc3 g6 4. f4 Bg7 5. Nf3 O-O 6. Be3 Nbd7 7. Qd2 c5 8.
O-O-O cxd4 9. Bxd4 Qa5 10. Bc4 e5 11. Bg1 exf4 12. Qxd6 Nb6 13. Bb3 Ng4 14. Bd4
Ne3 15. Bxg7 Kxg7 16. Rd2 Re8 17. Qxf4 Nbc4 18. Re2 Qc5 19. Rhe1 Be6 20. Rxe3
Nxe3 21. Qxe3 Qc7 22. Nd5 Bxd5 23. Bxd5 Kg8 24. Ng5 Re7 25. Rf1 Rc8 26. c3 Qe5
27. Bxf7+ Kg7 28. Bb3 b5 29. Kb1 b4 30. Nf7 Qb5 31. Qh6+ Kg8 32. Nd6+ 1-0

[Event "Lichtenrader Herbst 2012"]
[Site "Berlin - Lichtenrade"]
[Date "2012.10.06"]
[Round "8.14"]
[White "Lauridsen, Jesper Morch"]
[Black "Falkowski, Dawid"]
[Result "1-0"]
[WhiteElo "2248"]
[BlackElo "2020"]
[PlyCount "35"]
[EventDate "2012.??.??"]

1. e4 c5 2. Nf3 Nc6 3. d4 cxd4 4. Nxd4 Nf6 5. Nc3 d6 6. Bc4 e6 7. Be3 Be7 8.
Qe2 Bd7 9. O-O-O a6 10. Bb3 Qc7 11. g4 Nxd4 12. Rxd4 e5 13. Rc4 Qa5 14. g5 Nxe4
15. Rxe4 Bc6 16. Qc4 O-O 17. Nd5 Bd8 18. Bd2 1-0

[Event "Lichtenrader Herbst 2012"]
[Site "Berlin - Lichtenrade"]
[Date "2012.10.06"]
[Round "8.15"]
[White "Hahlbohm, Matthias"]
[Black "Reichenbach, Werner"]
[Result "1/2-1/2"]
[WhiteElo "2073"]
[BlackElo "2280"]
[PlyCount "105"]
[EventDate "2012.??.??"]
[WhiteTeam "TSG Oberschöneweide e.V."]
[BlackTeam "SC Oberkrämer"]

1. e4 g6 2. d4 Bg7 3. Nc3 d6 4. Be3 a6 5. Qd2 b5 6. a4 b4 7. Nce2 Nf6 8. f3 a5
9. Bh6 Bxh6 10. Qxh6 e5 11. d5 c6 12. dxc6 Nxc6 13. b3 Qe7 14. g4 Be6 15. O-O-O
Qc7 16. Qg7 Ke7 17. Qh6 Rac8 18. Kb1 Rhd8 19. Qc1 d5 20. g5 Nh5 21. Bh3 dxe4
22. Rxd8 Nxd8 23. fxe4 Bxh3 24. Nxh3 Ne6 25. Rd1 Nd4 26. Nxd4 exd4 27. Rxd4
Qxh2 28. Ng1 Qf2 29. Rd2 Qf4 30. Qd1 Rc7 31. Nh3 Qe5 32. Qf3 Kf8 33. Qg2 Rc3
34. Rd5 Qc7 35. e5 Rg3 36. Qf1 Qc6 37. Rd3 Rg2 38. Qd1 Kg7 39. Rd6 Qe4 40. e6
Rg3 41. exf7 Rxb3+ 42. Ka2 Ra3+ 43. Kb1 Rb3+ 44. Ka2 Ra3+ 45. Kb1 Rf3 46. Rd7
Rxf7 47. Nf2 Qe5 48. Rxf7+ Kxf7 49. Qd7+ Qe7 50. Qd5+ Qe6 51. Qb7+ Qe7 52. Qd5+
Qe6 53. Qb7+ 1/2-1/2

[Event "Lichtenrader Herbst 2012"]
[Site "Berlin - Lichtenrade"]
[Date "2012.10.06"]
[Round "8.16"]
[White "Rettore, Ludwig"]
[Black "Kirchhof, Arno"]
[Result "0-1"]
[WhiteElo "2144"]
[BlackElo "2055"]
[PlyCount "100"]
[EventDate "2012.??.??"]
[BlackTeam "SC Zugzwang 95 e.V."]

1. e4 e6 2. d3 c5 3. Nf3 Nc6 4. g3 g6 5. Bg2 Bg7 6. O-O Nge7 7. Nc3 O-O 8. Bg5
h6 9. Bd2 d5 10. exd5 exd5 11. Qc1 Kh7 12. Re1 Be6 13. Ne2 Qb6 14. Bc3 d4 15.
Bd2 Nd5 16. Nf4 Nxf4 17. Bxf4 Rfe8 18. h4 Bd7 19. Qd2 Qb4 20. a3 Rxe1+ 21. Rxe1
Qxb2 22. h5 Qxa3 23. hxg6+ fxg6 24. Nh4 c4 25. Be4 Be8 26. dxc4 Qf8 27. Rb1 b6
28. Qd3 Qf6 29. c5 Rc8 30. cxb6 axb6 31. Rxb6 Ne5 32. Qa6 Rc6 33. Bxc6 Nxc6 34.
Qe2 Qd8 35. Ra6 Qc8 36. Bd2 Ne5 37. Ra7 Qc5 38. Rb7 Bc6 39. Rc7 Qd5 40. f3 g5
41. c4 dxc3 42. Be3 gxh4 43. Qc2+ Kg8 44. Rc8+ Bf8 45. Bxh6 Nxf3+ 46. Kf2 hxg3+
47. Kxg3 Qe5+ 48. Bf4 Qg7+ 49. Kf2 Qg1+ 50. Ke2 Nd4+ 0-1

[Event "Lichtenrader Herbst 2012"]
[Site "Berlin - Lichtenrade"]
[Date "2012.10.06"]
[Round "8.17"]
[White "Jahnz, Fabian"]
[Black "Lock, Adrian"]
[Result "1-0"]
[WhiteElo "2189"]
[BlackElo "2041"]
[PlyCount "89"]
[EventDate "2012.??.??"]
[WhiteTeam "SK König Tegel 1949 e.V."]
[BlackTeam "Koenigsspr.SC.1984 e.V."]

1. e4 e6 2. d4 d5 3. Nc3 Nf6 4. e5 Nfd7 5. f4 c5 6. Nf3 Nc6 7. Be3 cxd4 8. Nxd4
Bc5 9. Qd2 a6 10. O-O-O O-O 11. Qf2 Qe7 12. Bd3 Nxd4 13. Bxd4 b5 14. Kb1 b4 15.
Ne2 a5 16. Bb5 Rb8 17. Bxd7 Bxd4 18. Nxd4 Bxd7 19. g4 a4 20. Rhe1 Rfc8 21. f5
Qc5 22. Re3 b3 23. cxb3 axb3 24. a3 Qa7 25. Qf4 exf5 26. gxf5 Rc4 27. Red3 Rbc8
28. f6 Qc5 29. Qg5 g6 30. Nxb3 Qf8 31. Nd4 Rb8 32. Qe3 Ba4 33. Rc1 Rxc1+ 34.
Qxc1 h6 35. Rc3 Re8 36. Qf4 Kh7 37. Rc7 Rb8 38. e6 Be8 39. e7 Qh8 40. Rc3 Bd7
41. Qd6 Qe8 42. Rc7 Bb5 43. Qxd5 Bd3+ 44. Ka1 Kg8 45. Nc6 1-0

[Event "Lichtenrader Herbst 2012"]
[Site "Berlin - Lichtenrade"]
[Date "2012.10.06"]
[Round "8.18"]
[White "Bieg, Pascal"]
[Black "Stark, Ingo"]
[Result "1-0"]
[WhiteElo "1793"]
[BlackElo "2174"]
[PlyCount "31"]
[EventDate "2012.??.??"]
[WhiteTeam "SV Königsjäger Süd-West e.V."]
[BlackTeam "TSG Oberschöneweide e.V."]

1. d4 Nf6 2. c4 e6 3. Nc3 c5 4. d5 exd5 5. cxd5 Bd6 6. e4 O-O 7. f4 Nxe4 8.
Nxe4 Re8 9. Qe2 Bc7 10. g4 Nc6 11. Nf3 Nb4 12. f5 Nxd5 13. Bg5 Ba5+ 14. Kf2 Qc7
15. Rd1 Ne7 16. Nd6 1-0

[Event "Lichtenrader Herbst 2012"]
[Site "Berlin - Lichtenrade"]
[Date "2012.10.06"]
[Round "8.19"]
[White "Burger, Heinrich"]
[Black "Christiani, Joerg"]
[Result "1/2-1/2"]
[WhiteElo "2152"]
[BlackElo "1972"]
[PlyCount "34"]
[EventDate "2012.??.??"]
[WhiteTeam "VfB Hermsdorf e.V."]
[BlackTeam "SG Grün-Weiß Dresden"]

1. d4 d5 2. Nf3 e6 3. g3 c5 4. Bg2 Nc6 5. O-O Nf6 6. c4 Be7 7. cxd5 exd5 8. Nc3
O-O 9. dxc5 Bxc5 10. Bg5 d4 11. Ne4 Be7 12. Bxf6 Bxf6 13. Nxf6+ Qxf6 14. Rc1
Re8 15. Re1 Bg4 16. Qd3 Rad8 17. a3 a6 1/2-1/2

[Event "Lichtenrader Herbst 2012"]
[Site "Berlin - Lichtenrade"]
[Date "2012.10.06"]
[Round "8.20"]
[White "Muench, Robert"]
[Black "Zschaebitz, Klaus"]
[Result "1-0"]
[WhiteElo "1965"]
[BlackElo "2082"]
[PlyCount "139"]
[EventDate "2012.??.??"]
[WhiteTeam "Treptower SV 1949 e.V."]
[BlackTeam "BSG 1827 Eckbauer e.V."]

1. d4 Nf6 2. Bg5 Ne4 3. Bf4 c5 4. f3 Qa5+ 5. c3 Nf6 6. d5 e6 7. e4 exd5 8. exd5
d6 9. Nd2 Be7 10. Ne2 O-O 11. Ng3 Re8 12. Be2 Bf8 13. O-O Qc7 14. Nde4 Nbd7 15.
Bb5 Nxe4 16. Nxe4 a6 17. Bd3 c4 18. Bb1 f5 19. Ng5 Nf6 20. Qd4 h6 21. Nh3 b5
22. Bxh6 Qf7 23. Be3 Qxd5 24. Nf4 Qe5 25. Bf2 g5 26. Ng6 Qxd4 27. Bxd4 Bg7 28.
h4 Nh7 29. hxg5 Bxd4+ 30. cxd4 Nxg5 31. Nh4 f4 32. Kf2 Ra7 33. Bc2 Rae7 34.
Rae1 Rxe1 35. Rxe1 Rxe1 36. Kxe1 Bb7 37. Kd2 Bd5 38. Ng6 Bf7 39. Nxf4 Kg7 40.
Kc3 a5 41. d5 Kf6 42. Kd4 Be8 43. a4 Nf7 44. Ne6 Bd7 45. axb5 Bxb5 46. Nc7 Bd7
47. f4 Bf5 48. Ne8+ Kg6 49. Bxf5+ Kxf5 50. Kxc4 Kxf4 51. Kb5 Ke5 52. Nc7 Kf6
53. Kxa5 Ke7 54. Kb4 Ne5 55. Kc3 Ng4 56. Kd4 Nh6 57. Ne6 Kd7 58. Ke4 Ng8 59.
Nf4 Ke7 60. g4 Kf6 61. Ne6 Kg6 62. g5 Ne7 63. b4 Nc8 64. b5 Nb6 65. Kd4 Kf5 66.
Nd8 Nc8 67. Nf7 Kg6 68. Nxd6 Nxd6 69. Kc5 Nb7+ 70. Kc6 1-0

[Event "Lichtenrader Herbst 2012"]
[Site "Berlin - Lichtenrade"]
[Date "2012.10.06"]
[Round "8.83"]
[White "Krefenstein, Sergej"]
[Black "Mackowiak, Marek"]
[Result "0-1"]
[WhiteElo "2072"]
[BlackElo "2160"]
[PlyCount "72"]
[EventDate "2012.??.??"]
[WhiteTeam "TuS Makkabi Berlin e.V."]

1. c4 e5 2. Nc3 Nc6 3. g3 g6 4. Bg2 Bg7 5. e4 Nge7 6. d3 d6 7. Bg5 f6 8. Be3 f5
9. Nge2 Be6 10. Nd5 O-O 11. Qd2 Nd4 12. h4 Nxe2 13. Qxe2 f4 14. Bd2 c6 15.
Nxe7+ Qxe7 16. Bf3 b5 17. g4 a5 18. a4 bxc4 19. dxc4 Qb7 20. Bc3 Qb3 21. Qd2
Qxc4 22. Bxa5 d5 23. Qc3 dxe4 24. Be2 Qd5 25. Bb4 e3 26. f3 e4 27. Qc5 exf3 28.
Qxd5 Bxd5 29. Bxf8 Rxf8 30. Bd3 Bxb2 31. Rb1 Bd4 32. Rh2 f2+ 33. Kf1 f3 34. g5
e2+ 35. Bxe2 fxe2+ 36. Kxe2 Bc4+ 0-1

[Event "Lichtenrader Herbst 2012"]
[Site "Berlin - Lichtenrade"]
[Date "2012.10.07"]
[Round "9.1"]
[White "Meister, Jakob"]
[Black "Cremer, Jan Paul"]
[Result "1/2-1/2"]
[WhiteElo "2484"]
[BlackElo "2099"]
[PlyCount "114"]
[EventDate "2012.??.??"]
[WhiteTeam "SK Zehlendorf e.V."]
[BlackTeam "Schachpinguine Berlin e.V."]

1. e4 c5 2. Nf3 d6 3. Bb5+ Bd7 4. Bxd7+ Nxd7 5. O-O Ngf6 6. Re1 e6 7. c3 Be7 8.
d3 O-O 9. Nbd2 Qc7 10. Nf1 b5 11. Ng3 Rfc8 12. Bf4 Nf8 13. h3 Ng6 14. Bg5 h6
15. Bd2 Rab8 16. Qe2 b4 17. cxb4 cxb4 18. Rec1 Qb7 19. Qd1 Qb5 20. Be3 a5 21.
Rxc8+ Rxc8 22. Rc1 Rxc1 23. Bxc1 d5 24. e5 Nd7 25. d4 Qc4 26. b3 Qc6 27. Be3
Nb8 28. Nh2 Na6 29. Qd2 Qc3 30. Ne2 Qxd2 31. Bxd2 Nc7 32. f4 Nb5 33. Kf2 Bd8
34. Nf3 Bb6 35. Ke3 Ne7 36. g4 g6 37. Kd3 Kg7 38. Be1 Nc6 39. Bh4 Bd8 40. Bf2
f5 41. exf6+ Bxf6 42. Bh4 Bxh4 43. Nxh4 Kf6 44. Nf3 g5 45. h4 gxf4 46. Nxf4 Nc3
47. a4 e5 48. Nxe5 Nxe5+ 49. dxe5+ Kxe5 50. Ke3 d4+ 51. Kf3 Nb1 52. Nd3+ Kd5
53. Kf4 Nd2 54. Nc1 Ne4 55. Nd3 Nd2 56. Nc1 Ne4 57. Nd3 Nd2 1/2-1/2

[Event "Lichtenrader Herbst 2012"]
[Site "Berlin - Lichtenrade"]
[Date "2012.10.07"]
[Round "9.2"]
[White "Danin, Alexandre"]
[Black "Romanishin, Oleg M"]
[Result "1/2-1/2"]
[WhiteElo "2568"]
[BlackElo "2526"]
[PlyCount "21"]
[EventDate "2012.??.??"]
[WhiteTeam "SC Tornado Wuppertal 199"]

1. c4 e5 2. g3 Nf6 3. Bg2 c6 4. d4 Bb4+ 5. Bd2 Bxd2+ 6. Qxd2 d6 7. Nc3 O-O 8.
e4 Re8 9. Nge2 Bg4 10. O-O Qb6 11. Rfe1 1/2-1/2

[Event "Lichtenrader Herbst 2012"]
[Site "Berlin - Lichtenrade"]
[Date "2012.10.07"]
[Round "9.4"]
[White "Lerch, Philipp"]
[Black "Wendt, Jan-Dietrich"]
[Result "1/2-1/2"]
[WhiteElo "2110"]
[BlackElo "2362"]
[PlyCount "81"]
[EventDate "2012.??.??"]
[WhiteTeam "SK König Tegel 1949 e.V."]
[BlackTeam "Sfrd. Berlin 1903 e.V."]

1. e4 c5 2. Nf3 e6 3. d4 cxd4 4. Nxd4 Nc6 5. Nc3 Nf6 6. Ndb5 d6 7. Bf4 e5 8.
Bg5 a6 9. Na3 b5 10. Bxf6 gxf6 11. Nd5 Bg7 12. c3 f5 13. exf5 Bxf5 14. Nc2 O-O
15. Nce3 Be6 16. Bd3 f5 17. Qh5 Qd7 18. O-O Qf7 19. Qxf7+ Rxf7 20. f4 e4 21.
Bc2 Rb8 22. Bb3 Na5 23. Nb4 Nxb3 24. axb3 Bxb3 25. Rxa6 d5 26. Nc6 Re8 27. Nd4
Bc4 28. Rfa1 b4 29. Ra8 Rff8 30. Rxe8 Rxe8 31. Nexf5 bxc3 32. bxc3 Rb8 33. Nxg7
Kxg7 34. g4 Rb2 35. Re1 Rd2 36. Re3 Bd3 37. Re1 Ra2 38. h4 Ra3 39. Rc1 Ra2 40.
h5 e3 41. Re1 1/2-1/2

[Event "Lichtenrader Herbst 2012"]
[Site "Berlin - Lichtenrade"]
[Date "2012.10.07"]
[Round "9.5"]
[White "Niehaus, Frank"]
[Black "Gruzmann, Boris"]
[Result "0-1"]
[WhiteElo "2215"]
[BlackElo "2303"]
[PlyCount "52"]
[EventDate "2012.??.??"]
[WhiteTeam "SK König Tegel 1949 e.V."]
[BlackTeam "Lasker Steglitz-Wilmersd. SG"]

1. e4 c5 2. Nf3 d6 3. d4 cxd4 4. Nxd4 Nf6 5. Nc3 a6 6. Bg5 e6 7. f4 Be7 8. Qf3
h6 9. Bh4 Nbd7 10. O-O-O Qc7 11. f5 e5 12. Nb3 b5 13. a3 Bb7 14. Bf2 Nc5 15.
Nd5 Nxd5 16. exd5 Na4 17. Bd3 Bf6 18. Be4 O-O 19. Kb1 a5 20. h4 b4 21. axb4
axb4 22. g4 Rfc8 23. g5 hxg5 24. hxg5 Bxg5 25. Qh5 f6 26. Qg6 Qc3 0-1

[Event "Lichtenrader Herbst 2012"]
[Site "Berlin - Lichtenrade"]
[Date "2012.10.07"]
[Round "9.6"]
[White "Schnoor, Ekkehard"]
[Black "Moeller, Hendrik"]
[Result "0-1"]
[WhiteElo "2021"]
[BlackElo "2259"]
[PlyCount "114"]
[EventDate "2012.??.??"]
[WhiteTeam "SG Grün-Weiß Dresden"]
[BlackTeam "SC Weisse Dame e.V."]

1. e4 c6 2. Nc3 d5 3. Nf3 Bg4 4. h3 Bxf3 5. Qxf3 e6 6. a3 Nf6 7. d3 Nbd7 8. g3
Qa5 9. Bd2 Qb6 10. Na4 Qd4 11. Nc3 Qb6 12. Na4 Qc7 13. Bg2 Be7 14. O-O O-O 15.
Qe2 Rfd8 16. Nc3 Bc5 17. Rae1 a5 18. e5 Ne8 19. Kh1 b5 20. f4 Nf8 21. g4 b4 22.
Na4 Bd4 23. axb4 axb4 24. b3 Rab8 25. f5 Qd7 26. h4 c5 27. h5 Qe7 28. f6 gxf6
29. exf6 Nxf6 30. Bg5 h6 31. Bxh6 Nxh5 32. gxh5 Qh4+ 33. Bh3 Qxh3+ 34. Qh2
Qxh2+ 35. Kxh2 Nh7 36. Re2 Rb7 37. Rg2+ Kh8 38. Nxc5 Ra7 39. Na4 Rg8 40. Rxg8+
Kxg8 41. Rf4 Be5 42. Kh3 Bxf4 43. Bxf4 Ra6 44. Bd2 Rc6 45. Bxb4 Rxc2 46. d4 Nf6
47. Kh4 Rh2+ 48. Kg5 Ne4+ 49. Kg4 Kg7 50. Nc5 Nf6+ 51. Kf3 Rxh5 52. Ba5 Rh3+
53. Kf4 Ne4 54. b4 Nd6 55. Bc7 Nb5 56. Bb6 Nxd4 57. Ke5 Nc6+ 0-1

[Event "Lichtenrader Herbst 2012"]
[Site "Berlin - Lichtenrade"]
[Date "2012.10.07"]
[Round "9.7"]
[White "Harder, Clemens"]
[Black "Gaerths, Ronny"]
[Result "1/2-1/2"]
[WhiteElo "2109"]
[BlackElo "2251"]
[PlyCount "29"]
[EventDate "2012.??.??"]
[WhiteTeam "Koenigsspr.SC.1984 e.V."]
[BlackTeam "SC Kreuzberg e.V."]

1. d4 Nf6 2. c4 e6 3. Nc3 Bb4 4. Qc2 Nc6 5. Nf3 d6 6. a3 Bxc3+ 7. Qxc3 a5 8. b3
O-O 9. Bg5 h6 10. Bh4 g5 11. Bg3 Ne4 12. Qb2 f5 13. e3 Qf6 14. Rd1 Nxg3 15.
hxg3 1/2-1/2

[Event "Lichtenrader Herbst 2012"]
[Site "Berlin - Lichtenrade"]
[Date "2012.10.07"]
[Round "9.8"]
[White "Bruedigam, Martin"]
[Black "Dimitrijeski, Kristian"]
[Result "1-0"]
[WhiteElo "2291"]
[BlackElo "2150"]
[PlyCount "83"]
[EventDate "2012.??.??"]
[WhiteTeam "USV Potsdam e.V., Abt. Schach"]
[BlackTeam "SK König Tegel 1949 e.V."]

1. d4 d5 2. c4 c6 3. Nf3 Nf6 4. e3 a6 5. Nbd2 g6 6. Bd3 Bg7 7. b3 Bf5 8. Qc2
Bxd3 9. Qxd3 O-O 10. O-O Nbd7 11. Bb2 Rc8 12. Rad1 e5 13. Nxe5 Nxe5 14. dxe5
Ng4 15. Nf3 Qa5 16. h3 dxc4 17. Qc3 Qxc3 18. Bxc3 Nh6 19. bxc4 b5 20. Rd7 bxc4
21. Nd2 Rfd8 22. Rxd8+ Rxd8 23. Nxc4 Nf5 24. g4 Ne7 25. Rb1 Nd5 26. Bd4 h5 27.
gxh5 gxh5 28. Na5 c5 29. Bxc5 Nc3 30. Rb3 Nxa2 31. Bd6 Nc1 32. Rb6 Nd3 33. f4
Rc8 34. Nc6 Bf8 35. Rxa6 Nc5 36. Bxc5 Bxc5 37. Kf2 Rc7 38. Kf3 Rd7 39. Ra5 Bf8
40. Nd4 Bg7 41. e6 fxe6 42. Nxe6 1-0

[Event "Lichtenrader Herbst 2012"]
[Site "Berlin - Lichtenrade"]
[Date "2012.10.07"]
[Round "9.9"]
[White "Jahnz, Fabian"]
[Black "Lauridsen, Jesper Morch"]
[Result "1/2-1/2"]
[WhiteElo "2189"]
[BlackElo "2248"]
[PlyCount "95"]
[EventDate "2012.??.??"]
[WhiteTeam "SK König Tegel 1949 e.V."]

1. e4 d6 2. d4 Nf6 3. Nc3 g6 4. f4 Bg7 5. Nf3 O-O 6. Bd3 Na6 7. O-O c5 8. d5
Bg4 9. Bc4 Nc7 10. a4 e6 11. dxe6 fxe6 12. h3 Bxf3 13. Qxf3 d5 14. exd5 Nfxd5
15. Nb5 Nxb5 16. Bxb5 g5 17. Qe4 Nxf4 18. Bxf4 Qd4+ 19. Qxd4 Bxd4+ 20. Kh1 gxf4
21. c3 Be3 22. Bc4 Kf7 23. g3 Ke7 24. gxf4 Bxf4 25. Rae1 Rf6 26. Rxe6+ Rxe6 27.
Bxe6 Kxe6 28. Rxf4 Rg8 29. Re4+ Kd6 30. Kh2 b6 31. Rh4 Rg7 32. Rh5 Kc6 33. b4
Re7 34. b5+ Kd6 35. c4 Re4 36. Rxh7 Rxc4 37. Rxa7 Rb4 38. Rb7 Rxa4 39. Rxb6+
Kd5 40. Rb8 c4 41. b6 Kc6 42. h4 Rb4 43. Kg3 Kd7 44. h5 c3 45. Rb7+ Ke6 46. h6
c2 47. Rc7 Rxb6 48. Rxc2 1/2-1/2

[Event "Lichtenrader Herbst 2012"]
[Site "Berlin - Lichtenrade"]
[Date "2012.10.07"]
[Round "9.10"]
[White "Stachanczyk, Jacek"]
[Black "Muench, Robert"]
[Result "1-0"]
[WhiteElo "2247"]
[BlackElo "1965"]
[PlyCount "79"]
[EventDate "2012.??.??"]
[BlackTeam "Treptower SV 1949 e.V."]

1. e4 e6 2. d4 d5 3. Nc3 Nf6 4. e5 Nfd7 5. f4 c5 6. Nf3 Nc6 7. Be3 Qb6 8. Na4
Qa5+ 9. c3 cxd4 10. b4 Qc7 11. Nxd4 a6 12. Bd3 b5 13. Nb2 Ncxe5 14. fxe5 Qxc3+
15. Qd2 Bxb4 16. Ke2 Qxd2+ 17. Bxd2 Bxd2 18. Kxd2 Nxe5 19. a4 Nxd3 20. Nxd3
bxa4 21. Rxa4 Bd7 22. Ra5 O-O 23. Rha1 Bc8 24. Nb4 f6 25. Nxa6 e5 26. Nc6 Rxa6
27. Rxa6 Bxa6 28. Rxa6 d4 29. Kd3 g6 30. Ke4 Kg7 31. g4 Re8 32. Ra7+ Kh6 33. h4
Rf8 34. Ne7 Rf7 35. Kd5 Rf8 36. Rd7 f5 37. gxf5 gxf5 38. Kxe5 f4 39. Nf5+ Kh5
40. Kxf4 1-0

[Event "Lichtenrader Herbst 2012"]
[Site "Berlin - Lichtenrade"]
[Date "2012.10.07"]
[Round "9.11"]
[White "Kirchhof, Arno"]
[Black "Schnabel, Ralf"]
[Result "1/2-1/2"]
[WhiteElo "2055"]
[BlackElo "2235"]
[PlyCount "37"]
[EventDate "2012.??.??"]
[WhiteTeam "SC Zugzwang 95 e.V."]
[BlackTeam "ESV Nickelhütte Aue"]

1. d4 f5 2. Nc3 Nf6 3. Bg5 d5 4. Bxf6 exf6 5. e3 Be6 6. Qf3 Qd7 7. Bb5 Nc6 8.
a3 a6 9. Bd3 g6 10. Nge2 Bf7 11. h3 h5 12. O-O-O h4 13. g4 hxg3 14. fxg3 O-O-O
15. g4 fxg4 16. hxg4 Bg7 17. Nf4 Ne7 18. Rxh8 Rxh8 19. Rh1 1/2-1/2

[Event "Lichtenrader Herbst 2012"]
[Site "Berlin - Lichtenrade"]
[Date "2012.10.07"]
[Round "9.12"]
[White "Colpe, Malte"]
[Black "Bieg, Pascal"]
[Result "1-0"]
[WhiteElo "2349"]
[BlackElo "1793"]
[PlyCount "85"]
[EventDate "2012.??.??"]
[WhiteTeam "Hamburger SK von 1830 eV"]
[BlackTeam "SV Königsjäger Süd-West e.V."]

1. d4 Nf6 2. c4 g6 3. Nc3 Bg7 4. e4 d6 5. f4 O-O 6. Nf3 Na6 7. Bd3 e5 8. fxe5
dxe5 9. d5 c5 10. Bg5 Qb6 11. Qd2 Kh8 12. O-O Ng8 13. a3 Bd7 14. Be3 Qd8 15. b4
b6 16. Nb5 f5 17. Bg5 Qb8 18. Nh4 f4 19. g3 Be8 20. d6 Bxb5 21. cxb5 Qxd6 22.
bxa6 c4 23. Rad1 cxd3 24. Qxd3 Qxd3 25. Rxd3 fxg3 26. hxg3 Rxf1+ 27. Kxf1 Rf8+
28. Ke2 Rf7 29. Rd8 Rc7 30. Kd3 h6 31. Be3 Kh7 32. Rb8 Nf6 33. Rb7 Rc8 34. Rxa7
Rd8+ 35. Kc2 Nxe4 36. Bxb6 Rf8 37. Rb7 Nxg3 38. Kc3 Nf1 39. Kd3 e4+ 40. Kxe4
Ng3+ 41. Kd3 g5 42. Bd4 Nf5 43. Nxf5 1-0

[Event "Lichtenrader Herbst 2012"]
[Site "Berlin - Lichtenrade"]
[Date "2012.10.07"]
[Round "9.13"]
[White "Konrad, Erhard"]
[Black "Gunajew, Rafal"]
[Result "0-1"]
[WhiteElo "2015"]
[BlackElo "2269"]
[PlyCount "74"]
[EventDate "2012.??.??"]
[WhiteTeam "SG Lasker Steglitz-Wilmersdorf"]
[BlackTeam "Kksz Krakow"]

1. Nf3 d5 2. g3 Nf6 3. Bg2 c6 4. O-O Bf5 5. d3 e6 6. Nbd2 h6 7. e3 Bh7 8. Qe2
Nbd7 9. b3 a5 10. a4 Be7 11. Bb2 O-O 12. e4 dxe4 13. dxe4 Nc5 14. Rad1 Qc7 15.
e5 Nd5 16. Nd4 Rfe8 17. Nc4 Nb4 18. Rd2 Red8 19. f4 Rd7 20. g4 Rad8 21. f5 Bg5
22. Rdd1 Nd5 23. Kh1 Nf4 24. Qf3 Nxg2 25. Kxg2 Rd5 26. Qe2 b5 27. Nd6 b4 28.
fxe6 fxe6 29. Rf7 Qb6 30. Rdf1 Bg6 31. R7f2 Be7 32. Nc4 Qc7 33. Nd6 Bxd6 34.
exd6 Qxd6 35. Rd1 e5 36. Qc4 exd4 37. Rxd4 Ne6 0-1

[Event "Lichtenrader Herbst 2012"]
[Site "Berlin - Lichtenrade"]
[Date "2012.10.07"]
[Round "9.14"]
[White "Rietze, Clemens"]
[Black "Godoj, Veit"]
[Result "1-0"]
[WhiteElo "2286"]
[BlackElo "2046"]
[PlyCount "155"]
[EventDate "2012.??.??"]
[WhiteTeam "USV Potsdam e.V., Abt. Schach"]
[BlackTeam "SV Königsjäger Süd-West e.V."]

1. e4 c5 2. Nf3 g6 3. d4 cxd4 4. Nxd4 Nc6 5. Nc3 Bg7 6. Be3 Nf6 7. f3 O-O 8.
Bc4 Qb6 9. Bb3 Ng4 10. Nd5 Qa5+ 11. Bd2 Qc5 12. c3 e5 13. fxg4 exd4 14. Qf3 d6
15. g5 Be6 16. Nf6+ Kh8 17. O-O-O Bxb3 18. axb3 dxc3 19. Qxc3 Bxf6 20. gxf6 Qb6
21. Kb1 Ne5 22. Be3 Qa6 23. Rc1 b6 24. Qd4 Qd3+ 25. Qxd3 Nxd3 26. Rcd1 Nc5 27.
Bxc5 dxc5 28. Rd5 h6 29. Kc2 Rfe8 30. e5 Re6 31. Re1 Rae8 32. Kd2 g5 33. g4 Kh7
34. Re3 Kg6 35. Kd3 a5 36. h3 h5 37. Re2 hxg4 38. hxg4 Rh8 39. Kc4 Rh4 40. Re4
Rh2 41. Kc3 Rf2 42. Rd8 Rfxf6 43. Rg8+ Kh7 44. Rxg5 Rg6 45. Rf5 Kg8 46. Kc4 f6
47. Kd5 Rxe5+ 48. Rfxe5 fxe5 49. Kxe5 Kf7 50. Rf4+ Kg7 51. Kd5 Kh6 52. Kc4 Kg5
53. Rf8 Rd6 54. Rg8+ Kf6 55. Rb8 Rd4+ 56. Kb5 Rb4+ 57. Kc6 Rxg4 58. Rxb6 Ke5
59. Kxc5 Rg2 60. Kb5 Rxb2 61. Kxa5 Kd5 62. b4 Ra2+ 63. Kb5 Ra1 64. Rb8 Kd6 65.
Kb6 Kd7 66. b5 Rh1 67. Kb7 Rh5 68. b6 Ra5 69. Rc8 Ra1 70. Rc4 Rb1 71. Ka7 Ra1+
72. Kb8 Rb1 73. b7 Ra1 74. Rd4+ Ke7 75. Kc7 Rc1+ 76. Kb6 Rb1+ 77. Kc6 Rc1+ 78.
Kb5 1-0